<?xml version="1.0" encoding="UTF-8"?>
<collection xmlns="http://www.loc.gov/MARC21/slim">
 <record>
  <leader>02446aam a22003138a 4500</leader>
  <controlfield tag="001">NCT_23208</controlfield>
  <controlfield tag="008">160713s2016                  ||||||viesd</controlfield>
  <datafield tag="999" ind1=" " ind2=" ">
   <subfield code="c">1097</subfield>
   <subfield code="d">1097</subfield>
  </datafield>
  <datafield tag="020" ind1=" " ind2=" ">
   <subfield code="c">49000</subfield>
  </datafield>
  <datafield tag="082" ind1="0" ind2="4">
   <subfield code="2">23rd ed.</subfield>
   <subfield code="a">658.848</subfield>
   <subfield code="b">Đ108</subfield>
  </datafield>
  <datafield tag="100" ind1="1" ind2=" ">
   <subfield code="a">Trần Minh Đạo</subfield>
  </datafield>
  <datafield tag="245" ind1="1" ind2="0">
   <subfield code="a">Giáo trình marketing quốc tế</subfield>
   <subfield code="c">Trần Minh Đạo, Vũ Trí Dũng</subfield>
  </datafield>
  <datafield tag="260" ind1=" " ind2=" ">
   <subfield code="a">H.</subfield>
   <subfield code="b">Đại học Kinh tế Quốc dân</subfield>
   <subfield code="c">2011</subfield>
  </datafield>
  <datafield tag="300" ind1=" " ind2=" ">
   <subfield code="a">262 tr.</subfield>
   <subfield code="c">22 cm</subfield>
  </datafield>
  <datafield tag="520" ind1="3" ind2=" ">
   <subfield code="a">Nội dung sách đề cập đến tầm quan trọng của marketing quốc tế, môi trường marketing quốc tế, phân tích chiến lựoc cạnh tranh của markeing và marketing xuất nhập khẩu.</subfield>
  </datafield>
  <datafield tag="653" ind1=" " ind2=" ">
   <subfield code="a">Quản trị kinh doanh</subfield>
  </datafield>
  <datafield tag="700" ind1="1" ind2=" ">
   <subfield code="a">Vũ Trí Dũng</subfield>
  </datafield>
  <datafield tag="942" ind1=" " ind2=" ">
   <subfield code="2">ddc</subfield>
   <subfield code="c">BK</subfield>
  </datafield>
  <datafield tag="952" ind1=" " ind2=" ">
   <subfield code="0">0</subfield>
   <subfield code="1">0</subfield>
   <subfield code="2">ddc</subfield>
   <subfield code="4">0</subfield>
   <subfield code="6">658_848000000000000_Đ108</subfield>
   <subfield code="7">0</subfield>
   <subfield code="9">11885</subfield>
   <subfield code="a">000001</subfield>
   <subfield code="b">000001</subfield>
   <subfield code="d">2018-07-06</subfield>
   <subfield code="o">658.848 Đ108</subfield>
   <subfield code="p">MD.06776</subfield>
   <subfield code="r">2018-07-06</subfield>
   <subfield code="v">49000.00</subfield>
   <subfield code="w">2018-07-06</subfield>
   <subfield code="y">BK</subfield>
  </datafield>
  <datafield tag="952" ind1=" " ind2=" ">
   <subfield code="0">0</subfield>
   <subfield code="1">0</subfield>
   <subfield code="2">ddc</subfield>
   <subfield code="4">0</subfield>
   <subfield code="6">658_848000000000000_Đ108</subfield>
   <subfield code="7">0</subfield>
   <subfield code="9">11886</subfield>
   <subfield code="a">000001</subfield>
   <subfield code="b">000001</subfield>
   <subfield code="d">2018-07-06</subfield>
   <subfield code="o">658.848 Đ108</subfield>
   <subfield code="p">MD.06777</subfield>
   <subfield code="r">2018-07-06</subfield>
   <subfield code="v">49000.00</subfield>
   <subfield code="w">2018-07-06</subfield>
   <subfield code="y">BK</subfield>
  </datafield>
  <datafield tag="952" ind1=" " ind2=" ">
   <subfield code="0">0</subfield>
   <subfield code="1">0</subfield>
   <subfield code="2">ddc</subfield>
   <subfield code="4">0</subfield>
   <subfield code="6">658_848000000000000_Đ108</subfield>
   <subfield code="7">0</subfield>
   <subfield code="9">11887</subfield>
   <subfield code="a">000001</subfield>
   <subfield code="b">000001</subfield>
   <subfield code="d">2018-07-06</subfield>
   <subfield code="o">658.848 Đ108</subfield>
   <subfield code="p">MD.06778</subfield>
   <subfield code="r">2018-07-06</subfield>
   <subfield code="v">49000.00</subfield>
   <subfield code="w">2018-07-06</subfield>
   <subfield code="y">BK</subfield>
  </datafield>
  <datafield tag="952" ind1=" " ind2=" ">
   <subfield code="0">0</subfield>
   <subfield code="1">0</subfield>
   <subfield code="2">ddc</subfield>
   <subfield code="4">0</subfield>
   <subfield code="6">658_848000000000000_Đ108</subfield>
   <subfield code="7">0</subfield>
   <subfield code="9">11888</subfield>
   <subfield code="a">000001</subfield>
   <subfield code="b">000001</subfield>
   <subfield code="d">2018-07-06</subfield>
   <subfield code="l">1</subfield>
   <subfield code="o">658.848 Đ108</subfield>
   <subfield code="p">MD.06779</subfield>
   <subfield code="r">2021-04-13</subfield>
   <subfield code="s">2021-03-30</subfield>
   <subfield code="v">49000.00</subfield>
   <subfield code="w">2018-07-06</subfield>
   <subfield code="y">BK</subfield>
  </datafield>
  <datafield tag="952" ind1=" " ind2=" ">
   <subfield code="0">0</subfield>
   <subfield code="1">0</subfield>
   <subfield code="2">ddc</subfield>
   <subfield code="4">0</subfield>
   <subfield code="6">658_848000000000000_Đ108</subfield>
   <subfield code="7">0</subfield>
   <subfield code="9">11889</subfield>
   <subfield code="a">000001</subfield>
   <subfield code="b">000001</subfield>
   <subfield code="d">2018-07-06</subfield>
   <subfield code="o">658.848 Đ108</subfield>
   <subfield code="p">MD.06780</subfield>
   <subfield code="r">2018-07-06</subfield>
   <subfield code="v">49000.00</subfield>
   <subfield code="w">2018-07-06</subfield>
   <subfield code="y">BK</subfield>
  </datafield>
  <datafield tag="952" ind1=" " ind2=" ">
   <subfield code="0">0</subfield>
   <subfield code="1">0</subfield>
   <subfield code="2">ddc</subfield>
   <subfield code="4">0</subfield>
   <subfield code="6">658_848000000000000_Đ108</subfield>
   <subfield code="7">0</subfield>
   <subfield code="9">11890</subfield>
   <subfield code="a">000001</subfield>
   <subfield code="b">000001</subfield>
   <subfield code="d">2018-07-06</subfield>
   <subfield code="o">658.848 Đ108</subfield>
   <subfield code="p">MD.06781</subfield>
   <subfield code="r">2018-07-06</subfield>
   <subfield code="v">49000.00</subfield>
   <subfield code="w">2018-07-06</subfield>
   <subfield code="y">BK</subfield>
  </datafield>
  <datafield tag="952" ind1=" " ind2=" ">
   <subfield code="0">0</subfield>
   <subfield code="1">0</subfield>
   <subfield code="2">ddc</subfield>
   <subfield code="4">0</subfield>
   <subfield code="6">658_848000000000000_Đ108</subfield>
   <subfield code="7">0</subfield>
   <subfield code="9">11891</subfield>
   <subfield code="a">000001</subfield>
   <subfield code="b">000001</subfield>
   <subfield code="d">2018-07-06</subfield>
   <subfield code="o">658.848 Đ108</subfield>
   <subfield code="p">MD.06782</subfield>
   <subfield code="r">2018-07-06</subfield>
   <subfield code="v">49000.00</subfield>
   <subfield code="w">2018-07-06</subfield>
   <subfield code="y">BK</subfield>
  </datafield>
  <datafield tag="952" ind1=" " ind2=" ">
   <subfield code="0">0</subfield>
   <subfield code="1">0</subfield>
   <subfield code="2">ddc</subfield>
   <subfield code="4">0</subfield>
   <subfield code="6">658_848000000000000_Đ108</subfield>
   <subfield code="7">0</subfield>
   <subfield code="9">11892</subfield>
   <subfield code="a">000001</subfield>
   <subfield code="b">000001</subfield>
   <subfield code="d">2018-07-06</subfield>
   <subfield code="o">658.848 Đ108</subfield>
   <subfield code="p">MD.06783</subfield>
   <subfield code="r">2018-07-06</subfield>
   <subfield code="v">49000.00</subfield>
   <subfield code="w">2018-07-06</subfield>
   <subfield code="y">BK</subfield>
  </datafield>
  <datafield tag="952" ind1=" " ind2=" ">
   <subfield code="0">0</subfield>
   <subfield code="1">0</subfield>
   <subfield code="2">ddc</subfield>
   <subfield code="4">0</subfield>
   <subfield code="6">658_848000000000000_Đ108</subfield>
   <subfield code="7">0</subfield>
   <subfield code="9">11893</subfield>
   <subfield code="a">000001</subfield>
   <subfield code="b">000001</subfield>
   <subfield code="d">2018-07-06</subfield>
   <subfield code="o">658.848 Đ108</subfield>
   <subfield code="p">MD.06784</subfield>
   <subfield code="r">2018-07-06</subfield>
   <subfield code="v">49000.00</subfield>
   <subfield code="w">2018-07-06</subfield>
   <subfield code="y">BK</subfield>
  </datafield>
  <datafield tag="952" ind1=" " ind2=" ">
   <subfield code="0">0</subfield>
   <subfield code="1">0</subfield>
   <subfield code="2">ddc</subfield>
   <subfield code="4">0</subfield>
   <subfield code="6">658_848000000000000_Đ108</subfield>
   <subfield code="7">0</subfield>
   <subfield code="9">11894</subfield>
   <subfield code="a">000001</subfield>
   <subfield code="b">000001</subfield>
   <subfield code="d">2018-07-06</subfield>
   <subfield code="o">658.848 Đ108</subfield>
   <subfield code="p">MD.06785</subfield>
   <subfield code="r">2018-07-06</subfield>
   <subfield code="v">49000.00</subfield>
   <subfield code="w">2018-07-06</subfield>
   <subfield code="y">BK</subfield>
  </datafield>
  <datafield tag="980" ind1=" " ind2=" ">
   <subfield code="a">Thư viện Trường Đại học Nam Cần Thơ</subfield>
  </datafield>
 </record>
</collection>
